Регионална библиотека "Любен Каравелов" - Русе

Есенна идилия (Запис номер 528944)

MARC детайли
000 -Лидер
Лидер 00913nam a2200265 a 4500
003 - Код на организацията, давaща контролен номер
Код на организацията, даваща контролен номер BLK
005 - Дата и час на последна редакция
Дата и час на последна редакция 20250628125755.0
008 - Елементи от данни с фиксирана дължина
Елементи с фиксирана дължина 181210b bu |||||r|||| 00| | bu d
020 ## - Международен стандартен номер на книга ISBN
ISBN 9786191574377
040 ## - Източник на каталожния запис
Код на библиотеката BLK
041 ## - Код за език
Език Български
Език за КДБФ Български
080 ## - УДК
УДК текст Английска литература
УДК код 821.111
УДК – определител -31
УДК – код + определител 821.111-31
084 ## - Класификационен индекс по друга класификация
Авторски знак Ели - Е 51
100 ## - Редна дума - Автор
Автор Елкс, Кари
R(LIN) 489119
245 ## - Сведения за заглавието
Заглавие Есенна идилия
Подзаглавни данни роман
Авторска отговорност Кари Елкс; прев. Вера Паунова.
260 ## - Област на издателските данни
9 (RLIN) 213219
Място на издаване София
Име на издателя Ибис
Година на издаване 2024
300 ## - Физическа характеристика
Брой страници 336 с.
Размер 20 см
380 ## - Жанр
Жанр Худож. лит.
500 ## - Общи забележки
Обща забележка Ориг. загл.: By virtue fall / Carrie Elks
700 ## - Други автори (авторска отговорност)
9 (RLIN) 389706
Друг автор Паунова, Вера Христова
852 ## - Местоположение
Отдел Заемна - подръчен фонд
Систематично-азбучна сигнатура 821-31/Е 51 К
942 ## - АРТИКУЛИ
Скрит в OPAC Не
Вид на библиотечния документ Книги
Koha issues (borrowed), all copies 10
944 ## - СЪЗДАВАНЕ И РЕДАКЦИЯ на ЗАПИСА
Дата на регистрацията/редакция Кети Илиева
Служител, извършил регистрацията/редакцията 30570
Създаване/Редакция
Номер на служител Моника Янева
999 ## - СИСТЕМНИ КОНТРОЛНИ НОМЕРА
Koha biblionumber 528944
Koha biblioitemnumber 528944
Наличности
Код за отписване Код за изгубен артикул Източник на класификационната схема Код за повреда Код за отдаване Артикулен № Име на библиотеката - собственик Име на библиотеката, в която се намира в момента Статус (Текущо местоположение) Дата на вписване в системата Местоположение - отдел Цена в лева Инвентарен номер Систематично азбучна сигнатура Баркод Цена в евро Служебен тип на артикула Коз за рестрикции
  Не е изгубен Universal Decimal Classification Не е повреден заемане за дома 963880 Регионална библиотека "Любен Каравелов" Русе Регионална библиотека "Любен Каравелов" Русе Заемна - подръчен фонд 2025-03-18 Заемна - подръчен фонд 12.54 120000918855 821-31/Е 51 К 120000918855 6.41 Книги  
  Не е изгубен Universal Decimal Classification Не е повреден заемане за дома 963881 Регионална библиотека "Любен Каравелов" Русе Регионална библиотека "Любен Каравелов" Русе Заемна - подръчен фонд 2025-03-18 Заемна - подръчен фонд 12.54 120000918856 821-31/Е 51 К 120000918856 6.41 Книги  
  Не е изгубен Universal Decimal Classification Не е повреден ползва се в читалня 971348 Регионална библиотека "Любен Каравелов" Русе Регионална библиотека "Любен Каравелов" Русе Хранилище 2025-05-21 Хранилище 17.90 120000919565 Цб 326744 120000919565 9.15 Книги само за читалня
Vip Innovations Ltd, Rousse, Bulgaria 2025